Представление документа в формате MARC21

Поле Инд. ПП Название Значение
Тип записи a
Библиографический уровень m
001 Контрольный номер 36118eebb2424e7a8fd8c91a75dd1483
005 Дата корректировки 20160120150000.3
008 Кодируемые данные 150526|||||||||ru |||||||||||||||||rus||
020 a ISBN 978-5-9916-3702-2
041 0_ a Код языка текста rus
084 a Индекс другой классификации/Индекс ББК 67.401.0я7
090 a Полочн. индекс 67.401
x Авторский знак Г 72
245 10 a Заглавие Государственная и муниципальная служба
b Продолж. заглавия учеб. для бакалавров : учеб. для студентов высш. учеб. заведений, обучающихся по экон. направлениям и специальностям
c Ответственность под общ. ред. Е. В. Охотского ; Моск. гос. ин-т междунар. отношений (ун-т) М-ва иностр. дел Рос. Федерации
260 a Место издания Москва
b Издательство Юрайт
c Дата издания 2015
300 a Объем 555, [1] с.
440 _0 a Серия Бакалавр. Углубленный курс
504 a Библиография Библиогр.: с. 533-537
583 x Служебное примечание Экон. специальности. ВПО
x Служебное примечание Гос. и муницип. упр. ВПО
x Служебное примечание Кн. доступна в электрон. библ. системе biblio-online.ru
x Служебное примечание Соответствует ФГОС ВПО (третьего поколения)
650 04 a Основная рубрика Государственная служба-Учебные издания для высших учебных заведений-Бакалавриат
650 04 a Основная рубрика Муниципальная служба-Учебные издания для высших учебных заведений-Бакалавриат
653 0_ a Ключевые слова Государственная служба
a Ключевые слова Гражданская служба
a Ключевые слова Кадровая политика
a Ключевые слова Муниципальная служба
700 12 a Другие авторы Кочетков А. В.
700 12 a Другие авторы Сульдина Г. А.
700 12 a Другие авторы Халилова Т. В.
700 12 a Другие авторы Занко Т. А.
700 12 a Другие авторы Охотский Е. В.
e Роль лиц Редактор
901 t Тип документа m
952 b Гриф литературы для ВШ Допущено Учеб.-метод. отд. высш. образования
c Вид литературы учебник